| 000 | 00559cab a2200205 4500 | ||
|---|---|---|---|
| 001 | WB2709-51 | ||
| 008 | 090401t1991 xxu||||| |||| 00| 0 eng d | ||
| 035 | _a(Sirsi) u21554 | ||
| 041 | _aeng | ||
| 245 | _aLeeds proposes new roads plan | ||
| 260 | _c1991 | ||
| 350 | _a0 | ||
| 490 |
_aConstruction News _vno 6203 28/2/91 p2 |
||
| 520 | _aUnveils proposals for a £800m public transport and roads scheme for Leeds . | ||
| 650 | _aPARK AND RIDE | ||
| 650 | _aSUPERTRAM | ||
| 690 | _aTRANSPORT AND COMMUNICATIONS | ||
| 942 | _n0 | ||
| 948 | _c04/03/1997 | ||
| 999 |
_c14467 _d14467 |
||